[Event "Central-SRB chT 2018"]
[Site "Kragujevac"]
[Date "2018.09.16"]
[Round "4"]
[White "Stankovic, Dragan P"]
[Black "Dimitrijevic, Nenad"]
[Result "1/2-1/2"]
[WhiteElo "2229"]
[BlackElo "2216"]
[Annotator "TA"]
[PlyCount "71"]
[EventDate "2018.09.14"]
[EventType "team-tourn"]
[EventCountry "SRB"]
[SourceTitle "playchess.com"]
[Source "ChessBase"]
[SourceQuality "1"]

{[%evp 12,71,40,0,30,0,35,19,16,0,6,-38,-37,-28,-19,-39,-20,-10,25,8,83,-15,0,-2,0,-4,0,-4,2,0,5,-27,-27,-25,-25,-42,-28,-36,0,0,0,0,0,0,0,0,0,-78,-74,-69,0,-41,-74,-70,0,0,0,0,0,0,832,0]} 1. g3 c5 2. Bg2 Nc6 3. c4 g6 4. Nc3 Bg7 5. a3 d6 6. Rb1 Bd7 7. b4 {LiveBook: 4 Partien. A36: Englische Eröffnung (Botwinnik-Variante)} b6 8. Nf3 $146 ({Vorgänger:} 8. b5 Na5 9. Qc2 Nf6 10. d3 Rb8 11. e4 O-O 12. Nge2 Bc8 13. O-O Bb7 14. f4 e6 {1-0 (48) Miezis,N (2515)-Sulskis,S (2556) Vilnius 2014}) 8... Qc8 9. Nd5 {Weiß steht etwas besser.} e6 10. Nf4 Nge7 11. Bb2 Bxb2 12. Rxb2 e5 13. Nd5 Nxd5 14. cxd5 Ne7 15. Ng5 Qc7 (15... c4 $11) 16. Ne4 ({Günstiger ist} 16. bxc5 $16 {Und Se4 würde nun gewinnen.} bxc5 17. Ne4) 16... O-O 17. Nc3 f5 $36 {[%mdl 2048] Schwarz kämpft um Vorteil.} 18. O-O Kg7 19. f4 e4 20. Rc2 Ng8 21. d3 exd3 22. Qxd3 Nf6 23. e4 fxe4 24. Nxe4 Bf5 25. Qc3 Bxe4 26. Bxe4 Rae8 27. Bf3 Qd7 28. bxc5 bxc5 29. g4 (29. Rff2 $11) 29... Kg8 $17 30. f5 g5 (30... gxf5 $15 31. gxf5 Kh8) 31. Re1 Rxe1+ 32. Qxe1 Re8 (32... Qa4 $1 $15 33. Rf2 Qf4) 33. Re2 $11 Rxe2 34. Qxe2 Kg7 35. Qe6 Qa4 $2 {[%mdl 8192] [#]} (35... h6 $11) 36. Kf1 $2 {Precision: Weiß = 33%, Schwarz = 42%.} (36. Qe7+ $18 Kg8 37. Qxf6 Qd4+ 38. Qxd4 cxd4 39. Kf2) 1/2-1/2

[Event "Central-SRB chT 2018"]
[Site "Kragujevac"]
[Date "2018.09.16"]
[Round "4"]
[White "Biljanic, Ljubomir"]
[Black "Mirkovic, Stevan"]
[Result "0-1"]
[WhiteElo "2212"]
[BlackElo "2307"]
[Annotator "TA"]
[PlyCount "195"]
[EventDate "2018.09.14"]
[EventType "team-tourn"]
[EventCountry "SRB"]
[SourceTitle "playchess.com"]
[Source "ChessBase"]
[SourceQuality "1"]

{[%evp 22,195,-21,-45,-7,-8,0,-5,0,-3,-2,0,8,-22,0,0,0,0,-8,-1,-13,-64,-64,-92,-57,-182,-187,-192,-67,-83,-90,-100,-60,-60,-66,-74,-39,-89,-54,-58,-71,-88,-22,-14,4,8,10,0,4,0,0,-22,-22,-34,7,-29,-27,-73,-67,-64,-62,-94,-65,-91,-83,-75,-79,-93,-39,-46,-17,-22,-30,-16,-22,-51,-60,-60,0,-22,-5,-11,0,0,6,6,4,8,18,0,131,60,120,61,194,-149,-164,-187,-187,-181,-180,-218,-183,-185,-180,-173,0,-175,-180,-180,-164,-197,-197,-220,-216,-225,-188,-183,-178,-180,-180,-218,-178,-174,-151,-131,0,-174,-165,-217,-212,-220,-213,-260,-234,-236,-230,-276,-257,-468,-230,-391,-230,-230,-230,-1912,-1734,-1565,-230,-230,0,-1548,-1337,-29961,-29967,-29961,-29960,-12841,-7441,-6436,-426,-501,-175,-9994,-29960,-29975,-501,-443,-312,-29976,-29977,-29978,-29977,-29978,-29979,-29982]} 1. d4 d5 2. c4 dxc4 3. e3 a6 4. Bxc4 Nf6 5. a4 e6 6. Nf3 c5 7. O-O Nc6 8. Nc3 Be7 9. b3 {D27: Queen's Gambit Accepted: Classical main line: 7 e4!? and 7 a4} O-O 10. Ne5 cxd4 11. Nxc6 bxc6 12. exd4 {LiveBook: 3 Games} a5 $146 ({Predecessor:} 12... Bb7 13. Be3 Nd5 14. Rc1 Rc8 15. Qe2 Nxe3 16. fxe3 c5 17. d5 exd5 18. Bxd5 Bxd5 19. Rcd1 {½-½ (43) Mamedyarov,S (2725)-Anand,V (2783) Baku 2009}) 13. Qd3 Qb6 14. Be3 Qb4 15. Rfc1 Rd8 16. Qe2 Bb7 17. Rc2 c5 18. dxc5 Bxc5 19. Na2 Qb6 $1 20. Bxc5 Qxc5 $40 {[%mdl 128] [#] White needs to defend precisely.} 21. Rc3 (21. Qxe6 $1 $11 {[%mdl 512]} Qh5 (21... fxe6 22. Bxe6+) 22. Qe2) 21... Ne4 $15 22. Rd3 Qg5 23. f3 (23. Qe3 $15) 23... Rxd3 $19 24. Bxd3 Qc5+ (24... Nd2 $19 25. Kh1 Qf4) 25. Kf1 $15 Nf6 26. Rc1 Qb6 27. Bc4 Nd5 28. Re1 Rd8 29. Qe5 h6 30. Nc3 {[%cal Ba2c3,Bc3d1,Bd1f2,Bf2e4][%mdl 32]} Kh8 {aiming for ...f6.} 31. Nd1 Qb4 (31... Ba6 $17) 32. Nf2 $11 Qd6 (32... Rc8 {is interesting.} 33. Nd3 Qb6 34. Qe2 Kg8 35. Qf2 Qc7) 33. Qxd6 Rxd6 34. Ne4 Rd8 35. Nc5 Bc6 36. Bxd5 Bxd5 {[%mdl 4096] Endgame KRB-KRN} 37. Rc1 Rb8 38. Ke1 g5 39. Rc3 Kg7 40. Kd2 h5 {[%cal Bh6h5,Bh5g4][%mdl 32]} 41. Rd3 Kg6 42. Kc3 g4 43. fxg4 hxg4 44. g3 Kg5 ({Black should try} 44... Rc8 $17 45. b4 f5) 45. Rd2 $15 f5 46. Re2 Rb6 47. Rb2 Bf3 48. Nd3 Rc6+ 49. Kd4 Rd6+ (49... Kf6 $15) 50. Ke3 Be4 51. Nc5 Bd5 52. b4 Rc6 53. Kd4 {b5 is the strong threat.} axb4 54. Rxb4 Kf6 55. a5 Rc8 (55... Rd6 $11) 56. a6 (56. Nd7+ $1 $16 Ke7 57. Nb6) 56... Rd8 ({Better is} 56... Rh8 $14) 57. a7 (57. Rb6 $1 $16) 57... Bc6+ (57... e5+ $14 58. Kc3 Rc8) 58. Kc4 $2 (58. Kc3 $18) 58... Ra8 $17 59. Rb6 Bd5+ 60. Kd4 Rxa7 61. Na6 Rh7 62. Rb2 Bf3 63. Nc5 Bd5 $2 (63... Bc6 $19 {Threatens to win with ...Bd5.} 64. Nd3 Bh1) 64. Rf2 $2 (64. Na6 $1 $11) 64... Ra7 $19 65. Rb2 Ra1 66. Rd2 Rb1 67. Nd7+ Ke7 68. Ne5 Rb4+ 69. Kd3 Re4 70. Re2 Ra4 71. Kc3 Ra3+ 72. Kd4 Kf6 73. Nd7+ Ke7 74. Ne5 $1 Ra1 75. Kc3 (75. Ke3 {was called for.}) 75... Kd6 76. Nf7+ Kc5 77. Rd2 Re1 78. Rc2 Re3+ 79. Kd2+ Kd4 80. Rb2 $2 (80. Nd6) 80... Rd3+ (80... Bc4 $142 81. Kd1 Ra3) 81. Ke2 $2 (81. Ke1) 81... Bc4 (81... e5 $142 82. Nh6 Rf3 83. Rd2+ Ke4) 82. Rd2 e5 {Hoping for ...Rxd2+.} 83. Nd6 $2 (83. Rxd3+ Bxd3+ 84. Kf2) 83... Rxd2+ 84. Kxd2 {KB-KN} Bd3 $2 (84... Be6 85. Ke2 Bd7) 85. Nf7 Bc4 $2 (85... e4 86. Nh8 Bb5) 86. Nd6 Be6 87. Ke2 Kc5 88. Ne8 Bd7 89. Nf6 Kd6 90. Kf2 Ke6 (90... Be6 $142 91. Nh7 Bc4) 91. Nh7 Bc6 $2 (91... Kf7 {Strongly threatening ...Bb5.} 92. Ng5+ Kf6) 92. h4 $2 (92. h3) 92... f4 93. Ng5+ Kf5 (93... Kf6 $142 94. Nh7+ Kf5 95. Nf8 Be8 96. h5 Bxh5 97. Nd7 e4 98. Nb6 Bf7 99. Kf1 fxg3 100. Na4 Bc4+ 101. Kg2 e3 102. Nc3 e2 103. Nxe2 Bxe2 104. Kg1 Ke4 105. Kg2 Kf4 106. Kh1 {[#]} g2+ $1 {[%mdl 512]} 107. Kg1 Kf3 108. Kh2 g1=Q+ $1 {[%mdl 512]} 109. Kxg1 Kg3 110. Kh1 Kf2 111. Kh2 Bf1 112. Kh1 Bg2+ 113. Kh2 g3#) 94. Nf7 {intending Nh6+.} Kf6 95. Ng5 $2 (95. Nd6 $19) 95... Bd5 {Black mates.} 96. Nh7+ Kf5 97. Nf8 Bf7 98. Nd7 {Precision: White = 33%, Black = 40%.} 0-1

[Event "Central-SRB chT 2018"]
[Site "Kragujevac"]
[Date "2018.09.17"]
[Round "5"]
[White "Parligras, Mircea-Emilian"]
[Black "Rakhmanov, Aleksandr"]
[Result "1/2-1/2"]
[WhiteElo "2623"]
[BlackElo "2647"]
[Annotator "TA"]
[PlyCount "60"]
[EventDate "2018.09.14"]
[EventType "team-tourn"]
[EventCountry "SRB"]
[SourceTitle "playchess.com"]
[Source "ChessBase"]
[SourceQuality "1"]

{[%evp 18,60,29,29,31,16,31,31,46,45,55,56,64,44,57,56,81,83,82,85,87,79,83,54,59,58,74,57,69,73,87,46,64,57,57,57,57,57,73,59,83,87,79,34,51]} 1. d4 Nf6 2. c4 e6 3. Nc3 d5 4. cxd5 exd5 5. Bg5 c6 6. e3 Bf5 7. Qf3 Bg6 8. Bxf6 Qxf6 9. Qxf6 gxf6 10. Nf3 Nd7 {D35: Queen's Gambit Declined: Exchange Variation} 11. Nh4 Be7 12. Ne2 f5 13. g3 {[%cal Bg2g3,Bg3h4][%mdl 32]} Bxh4 14. gxh4 Nf6 15. Ng3 (15. f3 Ke7 16. Rg1 Nh5 17. Kf2 Rae8 18. b4 {½-½ (46) Kramnik,V (2792)-Nisipeanu,L (2672) Dortmund 2018}) 15... f4 16. exf4 {[%cal Be3f4,Bf4f5][%mdl 32]} Nh5 17. Nxh5 Bxh5 18. Rg1 Kf8 $146 19. Bd3 Rg8 20. Rg5 Bg6 21. f5 h6 22. Rg3 Bh5 23. Kd2 Ke7 24. Ke3 Kf6 25. f3 Rge8+ 26. Kf2 Re7 27. Rag1 Rae8 28. Rg8 a5 29. Rxe8 Rxe8 30. Rc1 Ke7 $1 {Precision: White = 65%, Black = 68%.} 1/2-1/2

[Event "Central-SRB chT 2018"]
[Site "Kragujevac"]
[Date "2018.09.17"]
[Round "5"]
[White "Damljanovic, Branko"]
[Black "Zajic, Milan"]
[Result "1-0"]
[WhiteElo "2470"]
[BlackElo "2497"]
[Annotator "TA"]
[PlyCount "79"]
[EventDate "2018.09.14"]
[EventType "team-tourn"]
[EventCountry "SRB"]
[SourceTitle "playchess.com"]
[Source "ChessBase"]
[SourceQuality "1"]

{[%evp 18,79,5,0,14,13,24,17,14,14,24,22,46,46,56,52,57,50,47,48,52,50,49,49,62,66,71,64,95,57,68,50,55,53,67,67,73,75,80,70,143,119,129,116,116,120,162,166,221,252,239,258,257,247,350,332,829,803,804,767,785,609,1037,630]} 1. Nf3 Nf6 2. g3 d5 3. Bg2 e6 4. O-O Be7 5. b3 O-O 6. c4 b6 7. Bb2 Bb7 8. Nc3 {A14: English Opening: 1...e6 with b3 by White} (8. cxd5 Nxd5 9. Nc3 c5 10. Rc1 Bf6 11. d4 Nxc3 12. Bxc3 Nd7 13. b4 cxd4 14. Bxd4 a5 15. b5 Be7 16. Qd3 Nc5 17. Bxc5 Qxd3 18. exd3 Bxc5 {1-0 (45) Duda,J (2717)-Aronian,L (2805) Riadh 2017}) 8... dxc4 9. bxc4 c5 10. d3 {LiveBook: 3 Games. The position is equal.} Nc6 11. Ne5 Qc8 12. Nxc6 Bxc6 13. e4 $146 ({Predecessor:} 13. Bxc6 Qxc6 {0-1 (37) Kolb,W (2063)-Meijers,V (2472) Bayerisch Eisenstein 2017}) 13... Qb7 14. Qe2 Rfe8 15. a4 a6 16. f4 Nd7 17. Rab1 Rad8 18. Ba1 Qc7 19. Qb2 Bf8 20. e5 Bxg2 21. Kxg2 Rb8 22. Kg1 Rbd8 23. Rfd1 Rc8 24. Ne4 {Hoping for Nd6!} Qc6 25. Qc2 Be7 26. Bc3 Rb8 27. Qg2 $36 {[%mdl 2048] [#] And now Nf6+! would win. White has strong initiative.} Rbc8 28. Rd2 {[%cal Bd1d2,Bd2b2,Bb2b7,Bb7d7,Bd7e7][%mdl 32]} Nb8 (28... f6 $14) 29. Rdb2 Nd7 30. a5 bxa5 31. Bxa5 h6 32. Bc3 Qa8 (32... a5 {was necessary.} 33. Bxa5 Qa6) 33. Rb7 $18 Rb8 34. Nd6 Bxd6 35. exd6 a5 (35... Rxb7 $142 36. Rxb7 Nf6) 36. R1b5 Qa6 $2 {[#]} (36... Red8 37. Bxa5 Rdc8) 37. Rxd7 {White is clearly winning.} Rxb5 38. cxb5 Qxb5 39. Re7 Rb8 40. Qb2 {Precision: White = 82%, Black = 37%.} 1-0

[Event "Central-SRB chT 2018"]
[Site "Kragujevac"]
[Date "2018.09.17"]
[Round "5"]
[White "Damljanovic, Branko"]
[Black "Atakisi, Umut"]
[Result "*"]
[WhiteElo "2470"]
[BlackElo "2397"]
[Annotator "TA"]
[PlyCount "41"]
[EventDate "2018.09.14"]
[EventType "team-tourn"]
[EventCountry "SRB"]
[SourceTitle "playchess.com"]
[Source "ChessBase"]
[SourceQuality "1"]

{[%evp 13,41,11,11,1,2,0,0,0,18,34,36,26,27,27,16,18,50,54,54,33,50,44,43,52,52,46,68,60,48,36]} 1. Nf3 Nf6 2. g3 d5 3. Bg2 e6 4. O-O Be7 5. b3 O-O 6. c4 b6 7. Bb2 Bb7 {LiveBook: 1675 Games} 8. Nc3 {A14: English Opening: 1...e6 with b3 by White} (8. cxd5 Nxd5 9. Nc3 c5 10. Rc1 Bf6 11. d4 Nxc3 12. Bxc3 Nd7 13. b4 cxd4 14. Bxd4 a5 15. b5 Be7 16. Qd3 Nc5 17. Bxc5 Qxd3 18. exd3 Bxc5 {1-0 (45) Duda,J (2717)-Aronian,L (2805) Riadh 2017}) 8... dxc4 9. bxc4 c5 10. d3 {The position is equal.} Nc6 11. Ne5 Qc8 12. Nxc6 Bxc6 13. e4 $146 ({Predecessor:} 13. Bxc6 Qxc6 {0-1 (37) Kolb,W (2063)-Meijers,V (2472) Bayerisch Eisenstein 2017}) 13... Qb7 14. Qe2 Rfe8 15. a4 {White is slightly better.} a6 16. f4 Nd7 17. Rab1 Rad8 18. Ba1 Qc7 19. Qb2 Bf8 20. e5 Bxg2 21. Kxg2 {Precision: White = 80%, Black = 51%.} *

[Event "Central-SRB chT 2018"]
[Site "Kragujevac"]
[Date "2018.09.17"]
[Round "5"]
[White "Csonka, Balazs"]
[Black "Atakisi, Umut"]
[Result "1/2-1/2"]
[WhiteElo "2450"]
[BlackElo "2397"]
[Annotator "TA"]
[PlyCount "40"]
[EventDate "2018.09.14"]
[EventType "team-tourn"]
[EventCountry "SRB"]
[SourceTitle "playchess.com"]
[Source "ChessBase"]
[SourceQuality "1"]

{[%evp 26,40,3,4,5,-12,0,0,2,0,0,-8,0,-33,22,-120,-98]} 1. e4 c5 2. Nf3 Nc6 3. Bb5 d6 4. O-O Bd7 5. Re1 Nf6 6. c3 a6 7. Bf1 Bg4 8. h3 Bxf3 9. Qxf3 e6 {B51: Sicilian: Moscow Variation (3 Bb5+) without 3...Bd7} (9... g6 10. Na3 Bg7 11. Nc2 Nd7 12. Qd1 O-O 13. b3 Rc8 14. d4 cxd4 15. cxd4 Qb6 16. Be3 Nb4 17. Nxb4 Qxb4 {0-1 (60) Fedoseev,V (2724)-Mamedov,R (2709) chess.com INT 2018}) 10. d3 Be7 11. Nd2 O-O 12. Qd1 d5 13. e5 Nd7 14. Nf3 {LiveBook: 13 Games} b5 15. g3 Qc7 {[%cal Rc6e5]} 16. Bf4 c4 $146 ({Predecessor:} 16... Rab8 17. h4 Rfd8 18. Qe2 a5 19. h5 a4 20. Rac1 b4 21. c4 dxc4 22. dxc4 Nd4 23. Qe4 b3 {½-½ (23) Suran,J (2368)-Vishnu,P (2459) Pardubice 2014}) 17. h4 Rab8 18. a3 a5 19. h5 Rfd8 ({Better is} 19... h6 $15) 20. dxc4 (20. h6 $11 {keeps the balance.}) 20... bxc4 1/2-1/2

[Event "Central-SRB chT 2018"]
[Site "Kragujevac"]
[Date "2018.09.17"]
[Round "5"]
[White "Ostojic, Nikola"]
[Black "Radovanovic, Dusan"]
[Result "1-0"]
[WhiteElo "2441"]
[BlackElo "2321"]
[Annotator "TA"]
[PlyCount "121"]
[EventDate "2018.09.14"]
[EventType "team-tourn"]
[EventCountry "SRB"]
[SourceTitle "playchess.com"]
[Source "ChessBase"]
[SourceQuality "1"]

{[%evp 23,121,5,17,-5,0,0,-4,-15,-18,-11,-8,-25,-23,-13,-16,-40,-18,-22,-20,-26,0,0,0,0,0,0,0,0,27,0,0,0,0,-10,0,-10,0,0,70,77,78,6,31,35,129,144,161,161,161,161,209,237,230,237,237,237,232,210,222,221,362,359,362,351,303,346,308,324,437,425,501,501,501,501,398,214,768,600,799,755,763,698,563,553,883,850,943,895,1660,1594,1496,1446,2742,2434,5691,5262,1940,1435,8351,11581]} 1. Nf3 Nf6 2. g3 e6 3. c4 d5 4. Bg2 Be7 5. O-O O-O 6. b3 b6 7. Bb2 Bb7 8. e3 dxc4 9. bxc4 c5 10. Qe2 Nc6 11. d3 Qc7 12. Nbd2 {A14: English Opening: 1...e6 with b3 by White} Rfd8 {LiveBook: 3 Games} 13. a3 Rac8 14. Ne1 $146 {The position is equal.} ({Predecessor:} 14. Rac1 Nd7 15. d4 Na5 16. Rfd1 Bf6 17. Qe1 cxd4 18. exd4 Nc5 19. Qe3 Ba6 20. Bf1 {1-0 (54) Podzielny,K (2499)-Klyuner,V (2362) Duisburg 1999}) 14... Ne8 {[%cal Bf6e8,Be8d6,Bd6f7,Bf7h6,Bh6f5][%mdl 32]} 15. Ne4 f5 16. Nc3 Bf6 17. f4 Nd6 18. Rb1 Qe7 19. Kh1 Nf7 20. g4 fxg4 21. Qxg4 Nh6 22. Qh3 Nf5 23. Be4 g6 24. Nd1 {[%cal Bc3d1,Bd1f2,Bf2g4,Bg4e3,Be3f5,Bf5h6][%mdl 32]} Bxb2 25. Rxb2 Na5 {aiming for ...Rxd3!} 26. Nf2 Rf8 27. Bxb7 Qxb7+ 28. e4 Ng7 29. Ng4 Nh5 30. Ng2 Qg7 (30... Nc6 $11) 31. Rbf2 $1 $14 Nc6 32. Nh4 ({White should play} 32. f5 $1 $16) 32... Nd4 33. Ne3 Rce8 {[#]} ({Better is} 33... e5 $14 34. fxe5 Rxf2 35. Rxf2 Rb8) 34. f5 $1 $16 exf5 {[#]} 35. Nhxf5 $1 {[%mdl 512]} Nxf5 (35... gxf5 36. Rg1) 36. Nxf5 Qe5 37. Nh6+ Kg7 {[#]} 38. Rxf8 $1 Rxf8 39. Qd7+ Kxh6 40. Rxf8 $18 {[%mdl 4096] Endgame KQR-KQN} Nf4 {[%cal Re5a1]} 41. Qg4 Qa1+ (41... Nxd3 $142 42. Rf7 Qa1+ 43. Qg1 Qxg1+ 44. Kxg1 Ne5 45. Rxa7 Kg5) 42. Qg1 Qxg1+ 43. Kxg1 Nxd3 {KR-KN} 44. Rf7 Ne5 45. Rxa7 Kg5 46. Rxh7 Kf4 47. Rh3 Kxe4 48. Rb3 Nxc4 49. a4 (49. Kf2 $142 Ke5 50. Ke2) 49... Kd5 $2 (49... g5 50. Kf2 Kf4) 50. Kf2 {White is clearly winning.} Ke4 51. Ke2 Kd4 52. h3 {[%cal Bh2h3,Bh3h4][%mdl 32]} Ke4 53. Kd1 Ne3+ 54. Kd2 Nd5 55. Rg3 Nf4 56. h4 Kf5 57. Rg5+ Kf6 58. Kc3 Ne2+ 59. Kc4 Nd4 60. Rg2 Kf5 61. Rb2 {Precision: White = 75%, Black = 27%.} 1-0

[Event "Central-SRB chT 2018"]
[Site "Kragujevac"]
[Date "2018.09.17"]
[Round "5"]
[White "Perunovic, Miodrag"]
[Black "Nestorovic, Nikola"]
[Result "0-1"]
[WhiteElo "2433"]
[BlackElo "2453"]
[Annotator "TA"]
[PlyCount "88"]
[EventDate "2018.09.14"]
[EventType "team-tourn"]
[EventCountry "SRB"]
[SourceTitle "playchess.com"]
[Source "ChessBase"]
[SourceQuality "1"]

{[%evp 9,88,27,24,30,40,0,0,0,16,-15,-11,-29,-9,-24,-9,-24,-20,-40,-28,-31,-44,-20,0,0,0,0,0,0,0,0,0,-3,0,0,0,-22,0,-38,-42,-76,-64,-132,-136,-191,-187,-185,-176,-233,-229,-228,-203,-192,-194,-222,-209,-218,-216,-219,-195,-235,-236,-236,-225,-250,-251,-252,-228,-262,-243,-272,-275,-294,-293,-293,-289,-289,-288,-319,-322,-449,-414]} 1. d4 Nf6 2. c4 e6 3. Nf3 a6 4. Nc3 d5 5. cxd5 exd5 6. Bg5 {D37: Queen's Gambit Declined: 5 Bf4} Be6 7. g3 (7. e3 Nbd7 8. Bd3 h6 9. Bf4 g5 10. Bg3 Nh5 11. Be5 Nhf6 12. Bg3 Nh5 13. Qb3 Nxg3 14. hxg3 {½-½ (48) Karjakin,S (2773)-Caruana,F (2822) Saint Louis 2018}) 7... Nbd7 8. Bg2 {The position is equal.} Bd6 9. O-O O-O $146 ({Predecessor:} 9... h6 10. Bxf6 Nxf6 11. Qb3 Rb8 12. Rac1 O-O 13. Na4 c6 {1-0 (63) Jakubowski,K (2529)-Yankelevich,L (2442) Germany 2017}) 10. Qc2 c6 11. Rad1 Qc7 12. Nh4 h6 13. Bc1 Rfe8 14. Nf5 Bf8 15. Bf4 Qc8 16. Nd6 Bxd6 $1 17. Bxd6 Nb6 18. Rfe1 Bf5 19. Qc1 $1 Ne4 20. Bf4 g5 {Threatens to win with ...Nxc3.} 21. Be5 Nd7 22. Nxe4 dxe4 23. Bd6 Nb6 24. f3 Qe6 $36 {[%mdl 2048] Black has the initiative.} 25. Bc5 (25. Be5 $15) 25... Nd5 $17 26. e3 (26. Qd2 $17) 26... exf3 $19 27. Bxf3 {aiming for e4.} Be4 28. Rf1 (28. Be2 $142) 28... Bxf3 29. Rxf3 g4 30. Rf2 Qxe3 31. Qc2 {[#]} Qe1+ $1 {[%mdl 512]} 32. Rf1 ({Don't blunder} 32. Rxe1 $2 Rxe1+ 33. Rf1 Rxf1+ 34. Kxf1 Ne3+ 35. Ke2 Nxc2 $19) 32... Qe4 33. Qf2 Qe3 34. Bd6 Qxf2+ 35. Rxf2 Re6 36. Be5 f6 37. Bf4 Kg7 38. Bd2 Rae8 39. Rdf1 Re4 40. Bc3 R8e6 41. Rc1 Kg6 42. Rd1 h5 43. Rc1 {[#]} h4 $1 {[%mdl 512]} 44. gxh4 Nf4 {Precision: White = 38%, Black = 87%.} 0-1

[Event "Central-SRB chT 2018"]
[Site "Kragujevac"]
[Date "2018.09.17"]
[Round "5"]
[White "Radovanovic, Nikola"]
[Black "Simic, Dragisa"]
[Result "1/2-1/2"]
[WhiteElo "2420"]
[BlackElo "2299"]
[Annotator "TA"]
[PlyCount "47"]
[EventDate "2018.09.14"]
[EventType "team-tourn"]
[EventCountry "SRB"]
[SourceTitle "playchess.com"]
[Source "ChessBase"]
[SourceQuality "1"]

{[%evp 24,47,55,48,100,122,100,104,98,60,60,64,64,64,59,0,0,0,0,-47,-45,-55,-67,-67,-60,-82]} 1. e4 c5 2. Nf3 d6 3. d4 cxd4 4. Nxd4 Nf6 5. Nc3 g6 6. Be3 Bg7 7. f3 O-O 8. Qd2 Nc6 9. g4 Bd7 10. O-O-O Ne5 11. h4 {[%cal Bh2h4,Bh4h5][%mdl 32]} Qa5 12. Kb1 Rfc8 13. h5 {LiveBook: 3 Games. B76: Sicilian Dragon: Yugoslav Attack, 9 g4 and 9 0-0-0} Rxc3 (13... Nxf3 $1 $14 14. Nxf3 Bxg4) (13... Nxf3 14. Nxf3 Bxg4 15. Bg2 Bxh5 16. Nd5 Qxd2 17. Nxf6+ Bxf6 18. Rxd2 Bxf3 19. Bxf3 Rc7 20. Rdh2 Rac8 21. Bxa7 {½-½ (54) Shvayger,Y (2409)-Axelrod,A (2269) Jerusalem 2018}) 14. Qxc3 $16 (14. bxc3 $2 {[#] perishes.} Nxf3 $1 {[%mdl 512]} 15. Qd3 (15. Nxf3 $2 Nxe4 16. hxg6 hxg6 $19) 15... Bxg4 $19) 14... Qxc3 15. bxc3 {White is better.} Nxf3 16. Nxf3 {[#] And now hxg6 would win.} Bxg4 17. Bg2 $1 Nxe4 18. Rd3 {hxg6 is the strong threat.} Nxc3+ 19. Kc1 ({Better is} 19. Kb2 $14 Nd1+ 20. Ka3) 19... Bf5 $146 ({Predecessor:} 19... Bxh5 20. Rh4 Rc8 {0-1 (51) Koitka,J (1917)-Kielar,M (2138) Rewal 2011}) 20. Kd2 Ne4+ 21. Kd1 {aiming for hxg6.} Ng3 {Black is slightly better.} 22. Rb3 Nxh1 23. Bxh1 Be4 {Hoping for ...Rc8.} 24. h6 1/2-1/2

[Event "Central-SRB chT 2018"]
[Site "Kragujevac"]
[Date "2018.09.17"]
[Round "5"]
[White "Radovic, Janko"]
[Black "Djosic, Slavoljub"]
[Result "1-0"]
[WhiteElo "2405"]
[BlackElo "2315"]
[Annotator "TA"]
[PlyCount "103"]
[EventDate "2018.09.14"]
[EventType "team-tourn"]
[EventCountry "SRB"]
[SourceTitle "playchess.com"]
[Source "ChessBase"]
[SourceQuality "1"]

{[%evp 18,103,72,58,75,61,84,62,96,92,114,73,101,83,81,83,79,34,34,26,38,41,20,34,26,36,45,56,75,0,0,0,0,0,0,0,0,0,14,10,20,6,25,0,0,0,0,0,0,0,2,0,79,79,85,8,782,747,764,726,680,248,943,797,3966,1362,29959,29960,29960,29961,29961,29962,29963,29965,29971,29963,29970,29971,29971,29972,29972,29970,29970,29968,29967,29968,29968,29969]} 1. e4 Nf6 2. e5 Nd5 3. d4 d6 4. Nf3 dxe5 5. Nxe5 g6 6. c4 Nf6 7. Nc3 {B04: Alekhine's Defence: 4 Nf3} Bg7 8. Be2 O-O 9. O-O c6 10. Be3 {LiveBook: 6 Games} Na6 11. Rc1 $146 ({Predecessor:} 11. Qb3 Qa5 12. a3 Ne8 13. f4 Nd6 14. c5 {1-0 (41) Mokshanov,A (2428)-Chigaev,M (2520) Loo 2014}) 11... Nc7 12. f4 Nce8 13. g4 Nc7 14. Bf3 Nd7 15. Qe2 Nxe5 16. fxe5 f5 17. Rcd1 (17. exf6 {seems wilder.} exf6 18. d5 Bd7 19. Rcd1 Qe8 20. Bf4) 17... fxg4 18. Bxg4 Rxf1+ 19. Rxf1 Bxg4 20. Qxg4 Qc8 21. Qh4 Qe6 22. Ne4 h5 23. Ng5 (23. b3 $16) 23... Qxc4 $11 24. Qe4 Ne6 $1 25. Qxg6 {[%csl Gg5][%cal Rg6h7]} Nxg5 26. Qxg5 Qe2 27. Rf2 Qd1+ 28. Kg2 {Black should prevent h3.} Rf8 29. Rxf8+ Kxf8 30. Qf5+ Kg8 31. Bf2 Qe2 32. Qg6 c5 33. Qe6+ Kh7 34. dxc5 Qxe5 (34... Qe4+ $11 35. Kg1 Bxe5 36. Qxe7+ Kh6 37. Qf8+ Bg7 38. Qd6+ Kh7) 35. Qxe5 $16 Bxe5 $11 {[%mdl 4096] Endgame KB-KB} 36. b4 ({White should try} 36. a4 $16) 36... a6 $2 {[%mdl 8192]} (36... Kg6 $11) 37. a4 $1 $18 Kg6 38. b5 $1 axb5 39. axb5 Kf5 40. b6 $1 Ke6 {[#]} 41. c6 $1 {[%mdl 512]} bxc6 {[#]} 42. b7 $1 {White mates.} Bb8 43. Bg3 Ba7 44. b8=Q Bxb8 45. Bxb8 {KB-K3P} Kd5 46. Kf3 e5 47. Ke3 c5 48. Bc7 e4 49. Bg3 c4 50. Be1 Ke5 51. Bc3+ Kf5 52. Bd4 {Precision: White = 64%, Black = 57%.} 1-0